[Event "Brno Trade op"]
[Site "Brno"]
[Date "2021.09.05"]
[Round "9"]
[White "Saskova, Renata"]
[Black "Kubatova, Ema"]
[Result "1-0"]
[WhiteElo "1195"]
[BlackElo "1005"]
[PlyCount "69"]
[EventDate "2021.08.29"]
[EventType "swiss"]
[EventRounds "9"]
[EventCountry "CZE"]
[SourceTitle "CBM 204 Extra"]
[Source "ChessBase"]
[SourceDate "2021.11.30"]
[SourceVersion "1"]
[SourceVersionDate "2021.11.30"]
[SourceQuality "1"]

1. e4 c5 2. c3 d5 3. exd5 Qxd5 4. d4 Nc6 5. Nf3 Bg4 6. Be2 e6 7. Be3 cxd4 8. cxd4 Qd8 9. 0-0 Nf6 10. Nc3 a6 11. Rc1 Be7 12. a3 0-0 13. h3 Bh5 14. Qd2 Qc7 15. Rfd1 Rfd8 16. Qe1 Rac8 17. Rd2 Rd7 18. b4 Qb8 19. Rcd1 Rcd8 20. g3 Qc8 21. Na4 Nd5 22. Nc5 Rc7 23. g4 Bg6 24. Bc4 Nxe3 25. Qxe3 Re8 26. Ne5 Nxe5 27. Qxe5 Bf6 28. Qd6 Rd8 29. Qb6 Rd6 30. Qxd6 Be7 31. Qe5 Bf6 32. Qf4 h6 33. Qg3 Qe8 34. Qxc7 Bd8 35. Qxb7 1-0

[Event "CZE-ch Betsys Online Blitz"]
[Site "Chess.com INT"]
[Date "2021.04.17"]
[Round "1"]
[White "Vasicek, Martin"]
[Black "Saskova, Renata"]
[Result "1-0"]
[WhiteElo "2070"]
[BlackElo "1195"]
[PlyCount "45"]
[EventDate "2021.04.17"]
[EventType "swiss (blitz)"]
[EventRounds "13"]
[EventCountry "CZE"]
[SourceTitle "CBM 201 Extra"]
[Source "ChessBase"]
[SourceDate "2021.05.31"]
[SourceVersion "1"]
[SourceVersionDate "2021.05.31"]
[SourceQuality "1"]

1. d4 d5 2. Nf3 e6 3. Bf4 Bd6 4. Bg3 Nf6 5. e3 Ne4 6. Nbd2 Nxg3 7. hxg3 Nc6 8. c3 Bd7 9. Bd3 h6 10. Qe2 Qf6 11. 0-0 0-0-0 12. b4 g5 13. a4 a6 14. b5 axb5 15. axb5 Nb8 16. Ra8 Rdg8 17. Rfa1 c6 18. b6 g4 19. Nh4 Bxg3 20. fxg3 h5 21. e4 dxe4 22. Nxe4 Qg7 23. Nd6+ 1-0

[Event "CZE-ch U16 Girls"]
[Site "Kouty nad Desnou"]
[Date "2020.03.10"]
[Round "5"]
[White "Saskova, Renata"]
[Black "Zilava, Anezka"]
[Result "0-1"]
[WhiteElo "1191"]
[BlackElo "1224"]
[PlyCount "108"]
[EventDate "2020.03.07"]
[EventType "swiss"]
[EventRounds "7"]
[EventCountry "CZE"]
[SourceTitle "CBM 195 Extra"]
[Source "ChessBase"]
[SourceDate "2020.05.31"]
[SourceVersion "1"]
[SourceVersionDate "2020.05.31"]
[SourceQuality "1"]

1. e4 e5 2. Nf3 Nc6 3. d4 exd4 4. Nxd4 Bc5 5. Be3 Qf6 6. c3 Nge7 7. Be2 b6 8. b4 Bd6 9. Bf3 Ne5 10. 0-0 0-0 11. Nd2 Bb7 12. Rc1 N7g6 13. h3 Rfe8 14. Re1 Nd3 15. e5 Bxf3 16. N2xf3 Ndxe5 17. Nxe5 Nxe5 18. Rc2 Qg6 19. Nb5 Nf3+ 20. Qxf3 Qxc2 21. a3 Qe4 22. Qd1 Qc6 23. Qd3 a6 24. Nd4 Qe4 25. Qd2 Qe5 26. Nf3 Qh5 27. Nd4 c5 28. Nf3 Re6 29. Kf1 h6 30. Rd1 Ra7 31. Qe2 Qf5 32. Qc4 Be7 33. Rd5 Qb1+ 34. Ne1 Qe4 35. Qxe4 Rxe4 36. bxc5 Bxc5 37. Bxc5 bxc5 38. Rxc5 Kf8 39. f3 Re6 40. Nd3 Ke7 41. Nf4 Rc6 42. Nd5+ Kd6 43. Ra5 Rc5 44. Rxc5 Kxc5 45. Ne3 g6 46. Ke2 Rb7 47. Kd3 Rb3 48. Nc2 a5 49. a4 d5 50. g4 Rb1 51. Ne3 Rh1 52. h4 Rxh4 53. Ng2 Rh3 54. Ne1 f5 0-1

[Event "EU-ch U16 Girls"]
[Site "Bratislava"]
[Date "2019.08.10"]
[Round "9"]
[White "Lazarova, Jovana"]
[Black "Saskova, Renata"]
[Result "1-0"]
[WhiteElo "1108"]
[BlackElo "1246"]
[PlyCount "107"]
[EventDate "2019.08.02"]
[EventType "swiss"]
[EventRounds "9"]
[EventCountry "SVK"]
[SourceTitle "CBM 191 Extra"]
[Source "ChessBase"]
[SourceDate "2019.09.30"]
[SourceVersion "1"]
[SourceVersionDate "2019.09.30"]
[SourceQuality "1"]

1. e4 c5 2. Nf3 d6 3. d4 cxd4 4. Nxd4 Nf6 5. Nc3 e6 6. Be3 Be7 7. Be2 0-0 8. Qd2 a6 9. 0-0-0 b5 10. Bd3 Bb7 11. f3 Nc6 12. Nxc6 Bxc6 13. g4 d5 14. Qf2 b4 15. Ne2 Qa5 16. g5 Nd7 17. f4 dxe4 18. Bc4 Rfd8 19. h4 Bb5 20. Bb3 Rac8 21. Kb1 Qc7 22. Ng3 Nc5 23. Rxd8+ Rxd8 24. h5 a5 25. a4 bxa3 26. bxa3 a4 27. Ba2 Qc6 28. g6 Na6 29. gxh7+ Kxh7 30. Qh2 Qc3 31. Bc1 Rb8 32. Nxe4 Bc4+ 33. Bb3 Qd4 34. Qg2 axb3 35. Bb2 bxc2+ 36. Qxc2 f5 37. Ng5+ Bxg5 38. fxg5 Bd3 39. Ka1 Qd5 40. g6+ Kh8 41. Qh2 Rxb2 42. Kxb2 Qd4+ 43. Kc1 Qe3+ 44. Qd2 Qxd2+ 45. Kxd2 Be4 46. Rc1 Bb7 47. Ke3 Kg8 48. Rd1 Bd5 49. Rc1 Bb7 50. Kf4 Kf8 51. Kg5 Ke7 52. h6 gxh6+ 53. Kxh6 Kf8 54. Kh7 1-0

[Event "EU-ch U16 Girls"]
[Site "Bratislava"]
[Date "2019.08.04"]
[Round "3"]
[White "Saskova, Renata"]
[Black "Avelino, Camila Biscaya"]
[Result "1/2-1/2"]
[WhiteElo "1246"]
[BlackElo "1785"]
[PlyCount "50"]
[EventDate "2019.08.02"]
[EventType "swiss"]
[EventRounds "9"]
[EventCountry "SVK"]
[SourceTitle "CBM 191 Extra"]
[Source "ChessBase"]
[SourceDate "2019.09.30"]
[SourceVersion "1"]
[SourceVersionDate "2019.09.30"]
[SourceQuality "1"]

1. e4 e5 2. Nf3 Nc6 3. d4 exd4 4. Nxd4 Nf6 5. Nc3 Bb4 6. Nxc6 bxc6 7. Bd3 d5 8. exd5 cxd5 9. 0-0 0-0 10. Bg5 c6 11. Qf3 Bd6 12. Rfe1 Rb8 13. b3 Bb4 14. Bf1 Qa5 15. Bxf6 gxf6 16. Qg3+ Kh8 17. Qxb8 Bxc3 18. b4 Qb6 19. Qd6 Rd8 20. Qe7 Bxa1 21. Rxa1 Kg7 22. c4 Rd7 23. Qe8 Rd8 24. Qe7 Rd7 25. Qe8 Rd8 1/2-1/2

[Event "CZE-ch U14 Girls"]
[Site "Kouty nad Desnou"]
[Date "2017.03.16"]
[Round "7"]
[White "Holaskova, Veronika"]
[Black "Saskova, Renata"]
[Result "0-1"]
[WhiteElo "1208"]
[BlackElo "1100"]
[PlyCount "104"]
[EventDate "2017.03.11"]
[EventType "swiss"]
[EventRounds "9"]
[EventCountry "CZE"]
[SourceTitle "CBM 177 Extra"]
[Source "ChessBase"]
[SourceDate "2017.04.27"]
[SourceVersion "1"]
[SourceVersionDate "2017.04.27"]
[SourceQuality "1"]

1. e4 c5 2. Nf3 d6 3. Nc3 e6 4. d4 cxd4 5. Nxd4 Nf6 6. Bd3 Be7 7. 0-0 0-0 8. Be3 Bd7 9. f3 Nc6 10. Nde2 a6 11. Qe1 Re8 12. f4 Nb4 13. Rd1 Nxd3 14. Rxd3 Bc6 15. Bd4 Nxe4 16. Ng3 Nxc3 17. Bxc3 Bb5 18. Rff3 Bxd3 19. Rxd3 Rc8 20. Qe2 Bf6 21. Bxf6 Qxf6 22. c3 Qxf4 23. Nh5 Qe5 24. Re3 Qf5 25. a3 g6 26. Ng3 Qb1+ 27. Kf2 d5 28. Rd3 Qa2 29. Rd4 Rc4 30. Rxc4 Qxc4 31. Qxc4 dxc4 32. Ne4 Rd8 33. Ke3 f5 34. Nc5 Kf7 35. Nxb7 Rd7 36. Nc5 Rd6 37. b4 cxb3 38. Nxb3 e5 39. g3 g5 40. a4 e4 41. Nd4 Kf6 42. g4 fxg4 43. Kxe4 h5 44. c4 h4 45. c5 Rd8 46. c6 g3 47. Nf3 g2 48. Ke3 g4 49. Ng1 Rc8 50. Kf4 Rxc6 51. Ke3 Rc4 52. Ne2 Rxa4 0-1